Blessings : (Record no. 42579)

MARC details
000 -LEADER
fixed length control field 00737nam a22002057a 4500
005 - DATE AND TIME OF LATEST TRANSACTION
control field 20100819150921.0
010 ## - LCCN (DPL NO)
LC control number ENG-100921
020 ## - INTERNATIONAL STANDARD BOOK NUMBER
Terms of availability 195.00
International Standard Book Number 9788121613279
035 ## - SYSTEM CONTROL NUMBER
System control number EN-84454
037 ## - SOURCE OF ACQUISITION
Source of stock number/acquisition DBAD/PUB
082 ## - DEWEY DECIMAL CLASSIFICATION NUMBER
Classification number 181.4
100 ## - MAIN ENTRY--PERSONAL NAME
Personal name Chopra, Kiran
245 ## - TITLE STATEMENT
Title Blessings :
Statement of responsibility, etc by Kiran Chopra
Remainder of title come, let us follow the footprints of those who guided us to walk /
260 ## - PUBLICATION, DISTRIBUTION, ETC. (IMPRINT)
Place of publication, distribution, etc New Delhi
Name of publisher, distributor, etc Main Street
Date of publication, distribution, etc 2009
270 ## - ADDRESS
City New Delhi
Address J-40, Jorbagh Lane
Postal code 110003
300 ## - PHYSICAL DESCRIPTION
Extent 240p.
Dimensions 21cm (pbk)
Accompanying material photoes
700 ## - ADDED ENTRY--PERSONAL NAME
9 (RLIN) 15246
942 ## - ADDED ENTRY ELEMENTS (KOHA)
Source of classification or shelving scheme Dewey Decimal Classification
Item type English Books
Classification part 181.4
Call number suffix CHO
Holdings
Withdrawn status Lost status Not for loan Collection code Home library Current library Date acquired Source of acquisition Cost, normal purchase price Full call number Barcode Copy number Cost, replacement price Koha item type
    Not For Loan Non-fiction D.B.Act.Division D.B.Act.Division 19/08/2010 DBAD/PUB 195.00 181.4 CHO EN-84454 1 195.00 English Books

© Delhi Public Library
Hit Counter
free hit counter